NFL Week 12 Fantasy Leaders 2024-2025 - Statistics

General Stats
  • This quiz has been taken 103 times
  • The average score is 9 of 20
Answer Stats
Position Points Player % Correct
RB 46.2 Saquon Barkley
99%
WR 23.6 Keenan Allen
78%
QB 22.6 Lamar Jackson
74%
WR 22.9 AJ Brown
65%
TE 23.7 Jonnu Smith
64%
QB 32.4 Jayden Daniels
60%
QB 26.9 Caleb Williams
59%
QB 28.8 Patrick Mahomes
56%
RB 24.9 Jahmyr Gibbs
48%
WR 26.9 DJ Moore
42%
WR 30.2 Jordan Addison
40%
RB 28.6 Josh Jacobs
38%
QB 28.5 Tua Tagovailoa
38%
TE 25.3 Trey McBride
35%
WR 29.7 Courtland Sutton
31%
WR 28.4 Jaylen Waddle
24%
RB 27.1 Bucky Irving
18%
WR 22.1 Jakobi Meyers
14%
TE 22.6 Noah Gray
11%
K 22 Wil Lutz
8%
No matching quizzes found
Score Distribution
Percent of People with Each Score
Percentile by Number Answered
Your Score History
You have not taken this quiz